000
00281nam a22001337a 4500
008
171201b xxu||||| |||| 00| 0 eng d
020
_a
020103286
041
_a
eng
080
_a
311
100
_a
55
101
_a
STA
245
_a
APPLIED STATISTICS
_c
NETER,J
942
_2
udc
_c
BK
999
_c
38696
_d
38696